Ten Years Later: Lessons for DSGE Builders and Czech Policy Makers

Analýza zavedenia politiky fiškálnych obmedzení v zápornej produkčnej medzere a nulovej dolnej hranici nominálnych úrokových mier v Česku v rokoch 2010 - 2013. Negatívne dopady týchto opatrení na ekonomiku. V analýze použitý dynamický stochastický prístup všeobecnej rovnováhy (DSGE).

Enregistré dans:
Détails bibliographiques
Auteur principal: Michl, Aleš
Format: Chapitre de livre
Langue:anglais
Sujets:
Tags: Ajouter un tag
Pas de tags, Soyez le premier à ajouter un tag!

MARC

LEADER 00000naa a2200000 4500
001 0259645
005 20191113134801.8
041 0 |a eng 
044 |a CZ 
245 1 0 |a Ten Years Later: Lessons for DSGE Builders and Czech Policy Makers  |c Aleš Michl 
520 |a Analýza zavedenia politiky fiškálnych obmedzení v zápornej produkčnej medzere a nulovej dolnej hranici nominálnych úrokových mier v Česku v rokoch 2010 - 2013. Negatívne dopady týchto opatrení na ekonomiku. V analýze použitý dynamický stochastický prístup všeobecnej rovnováhy (DSGE). 
610 2 0 |a politika fiškálna 
610 2 0 |a politika menová 
610 2 0 |a Česko 
610 2 0 |a modely stochastické 
100 1 |a Michl, Aleš